000 00496nam a2200181Ia 4500
005 20250326123927.0
008 250326s9999 xx 000 0 und d
037 _aTextbook
040 _aFMSL
_beng
_cFMSL
041 _aeng
_2eng
084 _aT L3
_qFMSL
100 _aRichardson E
_9736404
245 0 _aTeacher, the school and task of management
_cRichardson E
260 _aLondon
_bLondon, Heinemann
_c1973
300 _a366p
942 _cTB
_hT L3
999 _c1271511
_d1271511